000 00615nam a2200217Ia 4500
005 20230301113129.0
008 131103s9999 xx 000 0 und d
040 _aLoreto College
041 _aEnglish
082 _a822.32
_bMAR-MER
100 _aMarlow, Christopher
245 _aEdward the second
_cChristopher Marlow; edited by W. Moelwyn Merchant
260 _aLondon
_bErnest Benn
_c1967
300 _axxx,108 p.
440 _aThe New mermaids
650 _aEnglish Drama
651 _aMarlow, Christopher - Edward the second
700 _aMerchant, W. Moelwyn, ed.
850 _aLCLIB
942 _cBK
999 _c6770
_d57249